Gua̕ prc̀tica de casos referentes a la edificacin̤ y el urbanismo

Bibliographic Details
Main Author: Humero Martn̕, Antonio E.
Format: Book
Language:Spanish
Published: Madrid : Dykinson, 2006.
Subjects:
Online Access:Acceso restringido

MARC

LEADER 00000nam a2200000 i 4500
005 20111104145416.0
008 061017s2006 sp v 00 0 spa d
017 |a D.L.SE 4364-2006 
020 |a 8497729161 
035 |a 5963 
040 |a Mpons  |d BUS  |d vLex 
041 0 |a spa 
043 |a esp 
080 |a 349.442(460)(094.8) 
080 |a 351:69(460)(094.8) 
080 |a 351.785(460)(094.8) 
090 |c 2743  |d 2743 
100 1 |a Humero Martn̕, Antonio E. 
245 1 0 |a Gua̕ prc̀tica de casos referentes a la edificacin̤ y el urbanismo   |h [Recurso electrn̤ico] /  |c Antonio E. Humero Martn̕. 
256 |a Servicio en ln̕ea. 
260 |a Madrid :   |b Dykinson,   |c 2006. 
300 |a 1 recurso electrn̤ico 
506 1 |a Contenido solo disponible en los productos indicados  |d vLex Global  |d vLex Global (Academic Edition, excluding Law Schools)  |d vLex Global (U.S. Academic Edition, Law Schools)  |d vLex Global (U.S. Academic Edition, excluding Law Schools)  |d vLex Global (Academic Edition, Law Schools) 
650 0 4 |a Construccin̤  |x Derecho  |z Espaą. 
650 0 4 |a Urbanismo  |x Derecho  |z Espaą. 
740 0 |a vLex Libros (Servicio en ln̕ea) 
856 4 0 |u http://vlex.com/source/guia-practica-edificacion-urbanismo-5963  |z Acceso restringido 
942 |c BOOK